000 00333nam a22001457a 4500
003 SGT
005 20260527142212.0
020 _a9789819730087
082 _a363.25
_bSHR
100 _aSHRIVASTAVA PANKAJ
245 _aTEXTBOOK OF FORENSIC SCIENCE
260 _aSINGPORE
_bSPRINGER PUB
_c2024
300 _a839
942 _2ddc
_cBK
999 _c34896
_d34896